О некоторых формах действия закона стоимости в социалистическом производстве и проблема экономических стимулов; Тезисы докладов первой научной конференции кафедр общественных наук

Détails bibliographiques
Parent link:Тезисы докладов первой научной конференции кафедр общественных наук.— 1958.— С. 29-30
Auteur principal: Вяткин Г. В.
Langue:russe
Publié: 1958
Sujets:
Format: Chapitre de livre
KOHA link:https://koha.lib.tpu.ru/cgi-bin/koha/opac-detail.pl?biblionumber=590750

MARC

LEADER 00000naa0a2200000 4500
001 590750
005 20250623112931.0
035 |a (RuTPU)RU\TPU\tpu\143 
035 |a TPU00000143 
090 |a 590750 
100 |a 20011210d1958 k||y0rusy50 ca 
101 0 |a rus 
102 |a RU 
200 1 |a О некоторых формах действия закона стоимости в социалистическом производстве и проблема экономических стимулов  |f Г. В. Вяткин 
463 1 |t Тезисы докладов первой научной конференции кафедр общественных наук  |v С. 29-30  |d 1958 
610 1 |a политическая экономия 
610 1 |a история экономических учений 
610 1 |a труды учёных ТПУ 
700 1 |a Вяткин  |b Г. В. 
801 0 |a RU  |b 63413507  |c 20011210  |g PSBO 
801 2 |a RU  |b 63413507  |c 20050426  |g PSBO 
850 |a 63413507 
942 |c BK